The Autobiography of Martin Luther King Jr. (Record no. 2502)

MARC details
000 -LEADER
fixed length control field 00422nam a22001697a 4500
005 - DATE AND TIME OF LATEST TRANSACTION
control field 20260413162228.0
008 - FIXED-LENGTH DATA ELEMENTS--GENERAL INFORMATION
fixed length control field 160613b xxu||||| |||| 00| 0 eng d
020 ## - INTERNATIONAL STANDARD BOOK NUMBER
ISBN 978-034911-298-5
041 ## - LANGUAGE CODE
Language code of text/sound track or separate title eng
082 ## - DEWEY DECIMAL CLASSIFICATION NUMBER
Classification number 323.092
100 ## - MAIN ENTRY--AUTHOR NAME
Personal name Car
245 ## - TITLE STATEMENT
Title The Autobiography of Martin Luther King Jr.
260 ## - PUBLICATION, DISTRIBUTION, ETC. (IMPRINT)
Name of publisher ABACUS
Year of publication 2002
300 ## - PHYSICAL DESCRIPTION
Number of Pages 390
650 ## - SUBJECT ADDED ENTRY--TOPICAL TERM
Topical Term Biography of civil rights leaders
942 ## - ADDED ENTRY ELEMENTS (KOHA)
Koha item type Books
Holdings
Lost status Damaged status Collection code Home library Current library Shelving location Date acquired Cost, normal purchase price Full call number Accession Number Koha item type
    LIFE SKILL JRU Library JRU Library SHELF-101-I 13/06/2016 699.00 323.92 7198 Books